000 00660nam a2200217 a 4500
001 000044295
003 DO-SdBNP
005 20180326151747.0
007 000044295
008 140613s2013 dr a 000 0 spa d
020 _a9789945489989
040 _aBPMET
_bspa
_cBPMET
100 1 _aSantos, Dulce Elvira de los
245 1 3 _aEl día de los abrazos /
_cDulce Elvira de los Santos ; ilustraciones Alfredo Casterá.
260 _aSanto Domingo :
_bSantuario,
_c2013.
300 _a36 p. :
_bil. ;
_c20 cm.
700 1 2 _aCasterá, Alfredo
942 _2ddc
_cBK
945 _aRemanejado para la BNPHU / 2018 VM
956 _aVMATEO
_b10
_c20140613
_lBPMSU
_h0069
999 _c7301
_d7301